<?xml version="1.0" encoding="UTF-8"?>
<record
    xmlns:xsi="http://www.w3.org/2001/XMLSchema-instance"
    xsi:schemaLocation="http://www.loc.gov/MARC21/slim http://www.loc.gov/standards/marcxml/schema/MARC21slim.xsd"
    xmlns="http://www.loc.gov/MARC21/slim">

  <leader>01277nam a2200217 a 4500</leader>
  <controlfield tag="001">000046165</controlfield>
  <controlfield tag="005">20240318114638.0</controlfield>
  <controlfield tag="008">150630s1985    dr a          000 0 spa d</controlfield>
  <datafield tag="040" ind1=" " ind2=" ">
    <subfield code="a">DO-SdBNP</subfield>
    <subfield code="b">spa</subfield>
    <subfield code="c">BNPHU</subfield>
  </datafield>
  <datafield tag="082" ind1=" " ind2=" ">
    <subfield code="a">xxxx</subfield>
    <subfield code="b">xxxx</subfield>
  </datafield>
  <datafield tag="245" ind1="0" ind2="0">
    <subfield code="a">Manual de educaci&#xF3;n sexual /</subfield>
    <subfield code="c">Sandra Best... [et. al.].</subfield>
  </datafield>
  <datafield tag="260" ind1=" " ind2=" ">
    <subfield code="a">Santo Domingo :</subfield>
    <subfield code="b">PROFAMILIA,</subfield>
    <subfield code="c">1985.</subfield>
  </datafield>
  <datafield tag="300" ind1=" " ind2=" ">
    <subfield code="a">114 p. :</subfield>
    <subfield code="b">il. ;</subfield>
    <subfield code="c">28 cm.</subfield>
  </datafield>
  <datafield tag="505" ind1="0" ind2=" ">
    <subfield code="a">Recomendaciones sobre docencia en el uso del manual de educaci&#xF3;n sexual --</subfield>
    <subfield code="t">Medios de comunicaci&#xF3;n social y sexualidad --</subfield>
    <subfield code="t">Mitos y tab&#xFA;es sobre la sexualidad humana --</subfield>
    <subfield code="t">Importancia de la educaci&#xF3;n sexual --</subfield>
    <subfield code="t">Anatom&#xED;a y fisiolog&#xED;a de los &#xF3;rganos sexuales --</subfield>
    <subfield code="t">Desarrollo psicosexual del adolescentes --</subfield>
    <subfield code="t">La identificaci&#xF3;n sexual del adolescente -</subfield>
    <subfield code="t">Las relaciones del adolescentes --</subfield>
    <subfield code="t">Enfermedades sexualmente transmisibles --</subfield>
    <subfield code="t">La prostituci&#xF3;n --</subfield>
    <subfield code="t">Los m&#xE9;todos anticonceptivos --</subfield>
    <subfield code="t">El aborto --</subfield>
    <subfield code="t">Comportamiento sexual humano --</subfield>
    <subfield code="t">Roles del hombre y la mujer en la sociedad.</subfield>
  </datafield>
  <datafield tag="700" ind1="1" ind2="2">
    <subfield code="a">Best, Sandra</subfield>
    <subfield code="9">56719</subfield>
  </datafield>
  <datafield tag="700" ind1="1" ind2="2">
    <subfield code="a">&#xC1;lvarez, Rosa Rita</subfield>
    <subfield code="9">74206</subfield>
  </datafield>
  <datafield tag="700" ind1="1" ind2="2">
    <subfield code="a">Mota &#xC1;lvarez, Denis,</subfield>
    <subfield code="d">1952-</subfield>
    <subfield code="9">11007</subfield>
  </datafield>
  <datafield tag="700" ind1="1" ind2="2">
    <subfield code="a">Estrtrella Garc&#xED;a, Octavio</subfield>
    <subfield code="9">74207</subfield>
  </datafield>
  <datafield tag="700" ind1="1" ind2="2">
    <subfield code="a">Cordero, Milton</subfield>
    <subfield code="9">56720</subfield>
  </datafield>
  <datafield tag="710" ind1="2" ind2=" ">
    <subfield code="a">Asociaci&#xF3;n Dominicana Pro Bienestar de la Familia</subfield>
    <subfield code="9">56602</subfield>
  </datafield>
  <datafield tag="952" ind1=" " ind2=" ">
    <subfield code="0">0</subfield>
    <subfield code="1">0</subfield>
    <subfield code="7">1</subfield>
    <subfield code="8">PD</subfield>
    <subfield code="a">PD</subfield>
    <subfield code="b">PD</subfield>
    <subfield code="c">CT</subfield>
    <subfield code="d">2015-06-30</subfield>
    <subfield code="i">LF1</subfield>
    <subfield code="l">0</subfield>
    <subfield code="o">xxxx xxxx</subfield>
    <subfield code="p">46165-10</subfield>
    <subfield code="r">2020-06-25</subfield>
    <subfield code="w">2020-06-25</subfield>
    <subfield code="y">LFPD</subfield>
    <subfield code="z">Perteneci&#xF3; a la biblioteca personal de Chiqui Vicioso / Fidelio Despradel.</subfield>
    <subfield code="Z">No se presta</subfield>
  </datafield>
  <datafield tag="999" ind1=" " ind2=" ">
    <subfield code="c">45654</subfield>
    <subfield code="d">45654</subfield>
  </datafield>
</record>
